| 000 | 00807nam a22002297a 4500 | ||
|---|---|---|---|
| 999 |
_c65825 _d65825 |
||
| 005 | 20240530110845.0 | ||
| 008 | 201005s2020 ua g 000 0 ara d | ||
| 017 |
_a2019/3954 _bمصر. دار الكتب |
||
| 020 | _a9789777537179 | ||
| 040 |
_aEG-CaGPL _cEG-CaGPL |
||
| 082 | 0 | 4 |
_221 _a303.4833/ _bهـ أ |
| 100 | 0 | _aهشام المصرى | |
| 245 | 1 | 2 |
_aالاعلام الرقمى السياسى : _bالمواجهة ام الملائمة / _cهشام المصرى |
| 250 | _aط.1 | ||
| 260 |
_aالقاهرة : _bمكتبة الوفاء القانونية ، _c2020. |
||
| 300 |
_a320ص . ؛ _c24 سم. |
||
| 650 | 0 | 7 |
_2qrmak _aالاعلام السياسى |
| 650 | 0 | 7 |
_2qrmak _aوسائل الاعلام |
| 651 | _2qrmak | ||
| 942 |
_2ddc _cBK |
||